| Tag |
First Indicator |
Second Indicator |
Subfields |
| LEADER |
00000cem a2200000Ma 4500 |
| 001 |
in00002485921 |
| 005 |
20151110075336.0 |
| 008 |
041027s1992 dcu bd a f 0 eng d |
| 034 |
1 |
|
|a a
|b 39000000
|d W1800000
|e E1800000
|f N0840000
|g S0700000
|
| 035 |
|
|
|a (OCoLC)ocm81060575
|
| 035 |
|
|
|a (OCoLC)81060575
|
| 037 |
|
|
|b Defense Mapping Agency Hydrographic/Topographic Center, Washington, D.C. 20315
|
| 040 |
|
|
|a QE2
|c QE2
|d OCLCQ
|d TXA
|d UtOrBLW
|
| 049 |
|
|
|a TXAM
|
| 052 |
|
|
|a 3201
|
| 090 |
|
|
|a G3201.B2 1992
|b .U5
|
| 110 |
1 |
|
|a United States.
|b Defense Mapping Agency.
|b Hydrographic/Topographic Center.
|
| 245 |
1 |
0 |
|a Standard time zone chart of the world /
|c prepared and published by the Defense Mapping Agency Hydrographic/Topographic Center.
|
| 250 |
|
|
|a 25th ed., June 18, 1992 (correct through NM 29/92).
|
| 255 |
|
|
|a Scale 1:39,000,000. At equator ;
|b Mercator proj.
|c (W 180⁰--E 180⁰/N 84⁰--S 70⁰).
|
| 264 |
|
1 |
|a Washington, D.C. :
|b Defense Mapping Agency Hydrographic/Topographic Center,
|c 1992.
|
| 300 |
|
|
|a 1 map :
|b color ;
|c 77 x 114 cm., folded to 23 x 25 cm.
|
| 336 |
|
|
|a cartographic image
|b cri
|2 rdacontent
|
| 337 |
|
|
|a unmediated
|b n
|2 rdamedia
|
| 338 |
|
|
|a sheet
|b nb
|2 rdacarrier
|
| 500 |
|
|
|a Includes text and "Time comparison table."
|
| 500 |
|
|
|a "76."
|
| 500 |
|
|
|a Cartographic material.
|
| 650 |
|
0 |
|a Time
|x Systems and standards
|v Maps.
|
| 650 |
|
0 |
|a World maps.
|
| 948 |
|
|
|a cataloged
|b h
|c 2009/3/6
|d c
|e jgreene
|f 4:34:00 pm
|
| 994 |
|
|
|a C0
|b TXA
|
| 999 |
|
|
|a MARS
|
| 999 |
f |
f |
|s 100d4381-f30e-3d21-b6d3-ab814243eeee
|i 28e6e3d9-a800-35c5-9e38-9e66009275e7
|t 0
|
| 952 |
f |
f |
|p normal
|a Texas A&M University
|b College Station
|c Sterling C. Evans Library
|d Evans: Maps (2nd floor)
|t 0
|e G3201.B2 1992 .U5
|h Library of Congress classification
|i unmediated -- sheet
|m A14834340528
|
| 998 |
f |
f |
|a G3201.B2 1992 .U5
|t 0
|l Evans: Maps (2nd floor)
|